000 01275cam a2200349 4500
001
008 030317n1992 000 0 eng u
020 _a0117524433
035 _a(Sirsi) u121639
050 _a692.2
_c18
110 _aDepartment for Environment, Transport and the Regions
_94203
240 _aApproved Document g
240 _aPart G
245 4 _aThe Building Regulations 1991 : hygiene. Approved Document G
250 _a1992 ed.
260 _aNorwich
_bTSO
_c1992
505 _aG1 : sanitary conveniences and washing facilities
505 _aG2 : bathrooms
505 _aG3 : hot water storage
520 _aComing into effect 1 June 1992. View at www.safety.odpm.gov.uk.
650 _aBATHROOMS
650 _aBUILDING REGULATIONS 1991
650 _aBUILDING REGULATIONS 1991 APPROVED DOCUMENT G (1992 EDITION)
650 _aHOT WATER SYSTEMS
650 _aSANITARY INSTALLATIONS
650 _aTOILETS
650 _aWASHING FACILITIES
690 _aBUILT ENVIRONMENT-BUILDING STANDARDS
710 _aUnited Kingdom
_bWelsh Office
_91214
856 _uhttps://webarchive.nationalarchives.gov.uk/+/http://www.communities.gov.uk/index.asp?id=1130637
_vView the item on the webarchive.nationalarchives.gov.uk website.
942 _n0
999 _c102690
_d102690